00620cam a2200169 4500001001100000008004100011035001500052100002300067240001000090245019200100250001100292260003200303300001700335440003300352650002500385700004000410BUCI003011 t19691831mx spa  aBUCI0030111 aZavala, Lorenzo de00aObras10aEl historiador y el representante popular :bEnsayo crítico de las revoluciones de México desde 1808hasta 1830 /cLorenzo de Zavala. prol. orden. y notas. Manuel González Ramírez. a1a ed. aMéxico :bPorrúa,c1969 av. ;c24 cm. 0aBiblioteca Porrúa ;vNo.31 aMéxico xHistoria 1 aGonzález Ramírez, Manuel, prol.